<?xml version="1.0" encoding="UTF-8"?><?xml-stylesheet type="text/xsl" href="static/style.xsl"?><OAI-PMH xmlns="http://www.openarchives.org/OAI/2.0/" xmlns:xsi="http://www.w3.org/2001/XMLSchema-instance" xsi:schemaLocation="http://www.openarchives.org/OAI/2.0/ http://www.openarchives.org/OAI/2.0/OAI-PMH.xsd"><responseDate>2026-06-05T17:19:58Z</responseDate><request verb="GetRecord" identifier="oai:riuma.uma.es:10630/18798" metadataPrefix="marc">https://riuma.uma.es/rest/oai/request</request><GetRecord><record><header><identifier>oai:riuma.uma.es:10630/18798</identifier><datestamp>2026-02-03T12:51:01Z</datestamp><setSpec>com_10630_27</setSpec><setSpec>com_10630_3139</setSpec><setSpec>com_10630_10</setSpec><setSpec>col_10630_18745</setSpec></header><metadata><record xmlns="http://www.loc.gov/MARC21/slim" xmlns:dcterms="http://purl.org/dc/terms/" xmlns:doc="http://www.lyncode.com/xoai" xmlns:xsi="http://www.w3.org/2001/XMLSchema-instance" xsi:schemaLocation="http://www.loc.gov/MARC21/slim http://www.loc.gov/standards/marcxml/schema/MARC21slim.xsd">
   <leader>00925njm 22002777a 4500</leader>
   <datafield ind2=" " ind1=" " tag="042">
      <subfield code="a">dc</subfield>
   </datafield>
   <datafield ind2=" " ind1=" " tag="720">
      <subfield code="a">Miara, Mohamed Djamel</subfield>
      <subfield code="e">author</subfield>
   </datafield>
   <datafield ind2=" " ind1=" " tag="720">
      <subfield code="a">Ait Hammou, Mohammed</subfield>
      <subfield code="e">author</subfield>
   </datafield>
   <datafield ind2=" " ind1=" " tag="720">
      <subfield code="a">Dahmani, Walid</subfield>
      <subfield code="e">author</subfield>
   </datafield>
   <datafield ind2=" " ind1=" " tag="720">
      <subfield code="a">Negadi, Moahmed</subfield>
      <subfield code="e">author</subfield>
   </datafield>
   <datafield ind2=" " ind1=" " tag="720">
      <subfield code="a">Djellaoui, Abdelmadjid</subfield>
      <subfield code="e">author</subfield>
   </datafield>
   <datafield ind2=" " ind1=" " tag="260">
      <subfield code="c">2018</subfield>
   </datafield>
   <datafield ind2=" " ind1=" " tag="520">
      <subfield code="a">Nouvelles données sur la flore endémique du sous-secteur de l’Atlas tellien Oranais «O3» (Algérie occidentale). Cette étude est une première synthèse régionale visant à proposer une nouvelle liste de la flore endémique du soussecteur de l›Atlas tellien oranais (O3) en analysant les principaux changements taxonomiques et chorologique. Les données de littérature disponibles ont été exploitées notamment (Quezel &amp; Santa, 1962-63; Vela &amp; Benhouhou, 2007) et analysés en utilisant l’index de la base de données de l’Afrique du Nord (Dobignard &amp; Chatelain, 2010-13). Cela a conduits à la suppression de 22 taxons de la liste de base comportant 94 taxons. Nous avons ensuite rajouté 15 nouveaux taxons signalés récemment dans la bibliographie au niveau de&#xd;
cette région ainsi que 3 taxons oubliés dans la première liste. La nouvelle liste de la flore endémique du O3 contenant 89 taxons a subi des changements considérables au niveau de sa composition floristique. Cette liste n’étant pas exhaustive devrait être  enrichie par des nouveaux résultats au niveau des zones pas encore bien explorées sur le plan floristique notamment Mascara,&#xd;
Saida et Sidi Belabess.</subfield>
   </datafield>
   <datafield ind1="8" ind2=" " tag="024">
      <subfield code="a">Acta Botánica Malacitana, vol. 43, 2018, págs. 63-69</subfield>
   </datafield>
   <datafield ind1="8" ind2=" " tag="024">
      <subfield code="a">0210-9506</subfield>
   </datafield>
   <datafield ind1="8" ind2=" " tag="024">
      <subfield code="a">https://hdl.handle.net/10630/18798</subfield>
   </datafield>
   <datafield tag="653" ind2=" " ind1=" ">
      <subfield code="a">Flora - Argelia</subfield>
   </datafield>
   <datafield ind2="0" ind1="0" tag="245">
      <subfield code="a">Nouvelles données sur la flore endémique du sous-secteur de l’Atlas tellien Oranais “O3” (Algérie occidentale)</subfield>
   </datafield>
</record>
</metadata></record></GetRecord></OAI-PMH>